[Event "32nd olimpiad"]
[Site "Yerevan"]
[Date "1996.09.25"]
[Round "9"]
[White "Claesen, Pieter"]
[Black "Liew Chee Meng, Jimmy"]
[Result "1-0"]
[WhiteElo "2410"]
[WhiteTitle "FM"]
[BlackElo "2335"]
[BlackTitle "IM"]
[WhiteTeam "Belgium"]
[BlackTeam "Malaysia"]
[Board "1"]
[Source "OlimpBase"]
[EventDate "1996.09.15"]
[PlyCount "71"]

1. c4 e5 2. Nc3 Nf6 3. Nf3 Nc6 4. d4 exd4 5. Nxd4 Bb4 6. g3 O-O 7. Bg2 Bxc3+
8. bxc3 Ne5 9. c5 Qe7 10. Nb3 Re8 11. O-O Rb8 12. e4 d6 13. cxd6 cxd6 14. Be3
b6 15. Re1 Ba6 16. Nd4 Qc7 17. Qa4 Bc4 18. Red1 Nfd7 19. Qb4 Nd3 20. Qb1 N7c5
21. Bf1 Ne5 22. Nb5 Bxb5 23. Bxb5 Nf3+ 24. Kg2 Nxe4 25. Bxe8 Rxe8 26. Qb5 Re5
27. Rd5 h5 28. Rxe5 Nxe5 29. Qd5 Nxc3 30. Qa8+ Kh7 31. Rc1 Nd3 32. Rf1 Qe7
33. Qf3 Qe4 34. Qxe4+ Nxe4 35. Rd1 Nb4 36. Rd4 1-0

[Event "32nd olimpiad"]
[Site "Yerevan"]
[Date "1996.09.25"]
[Round "9"]
[White "Mok Tze Meng"]
[Black "Weemaes, Ronald"]
[Result "1/2-1/2"]
[WhiteElo "2240"]
[BlackElo "2355"]
[BlackTitle "IM"]
[WhiteTeam "Malaysia"]
[BlackTeam "Belgium"]
[Board "2"]
[Source "OlimpBase"]
[EventDate "1996.09.15"]
[PlyCount "59"]

1. e4 c5 2. Nf3 Nc6 3. d4 cxd4 4. Nxd4 g6 5. Nc3 Bg7 6. Be3 Nf6 7. Be2 O-O
8. O-O d5 9. exd5 Nb4 10. Qd2 Nbxd5 11. Nxd5 Nxd5 12. Bh6 e5 13. Bxg7 Kxg7
14. Nf3 Nf4 15. Qe3 Qc7 16. Nxe5 Nxe2+ 17. Qxe2 Re8 18. Rfe1 Bf5 19. c3 Rad8
20. Qc4 Qxc4 21. Nxc4 Rxe1+ 22. Rxe1 Be6 23. b3 Bxc4 24. bxc4 Rd2 25. c5 Rxa2
26. Rb1 Re2 27. Kf1 Re7 28. Ra1 a6 29. c6 bxc6 30. Rxa6 1/2-1/2

[Event "32nd olimpiad"]
[Site "Yerevan"]
[Date "1996.09.25"]
[Round "9"]
[White "Geenen, Marc"]
[Black "Hafizulhelmi, Mas"]
[Result "0-1"]
[WhiteElo "2330"]
[WhiteTitle "FM"]
[BlackElo "2280"]
[BlackTitle "FM"]
[WhiteTeam "Belgium"]
[BlackTeam "Malaysia"]
[Board "3"]
[Source "OlimpBase"]
[EventDate "1996.09.15"]
[PlyCount "90"]

1. e4 c5 2. Nf3 d6 3. d4 cxd4 4. Nxd4 Nf6 5. Nc3 a6 6. Bg5 e6 7. f4 Be7 8. Qf3
Qc7 9. O-O-O Nbd7 10. Bd3 h6 11. h4 Nc5 12. f5 hxg5 13. hxg5 Rxh1 14. Rxh1 Nfd7
15. Rh8+ Bf8 16. Qh5 Nxd3+ 17. cxd3 Ne5 18. Qh7 exf5 19. exf5 Qc5 20. Nb3 Nxd3+
21. Kd2 Qe5 22. g4 Nc5 23. Nxc5 dxc5 24. Qg8 Qd6+ 25. Kc2 Bd7 26. Qxg7 O-O-O
27. Qf6 Qxf6 28. gxf6 Bd6 29. Rh7 Rf8 30. Ne4 Be5 31. Nxc5 Bxf6 32. Ne4 Be7
33. Kd3 Bc6 34. Ng3 Bf3 35. Ke3 Bxg4 36. Kf4 Bd1 37. Ne4 Bc2 38. Nc3 Bd6+
39. Kg5 Be7+ 40. Kf4 Bd8 41. Nd5 Bb1 42. Nc3 Bd3 43. Rh3 Bc4 44. b3 Bc7+
45. Kg5 Be5 0-1

[Event "32nd olimpiad"]
[Site "Yerevan"]
[Date "1996.09.25"]
[Round "9"]
[White "Tan Wei Sin"]
[Black "Mohandesi, Shahin"]
[Result "0-1"]
[WhiteElo "2025"]
[BlackElo "2355"]
[BlackTitle "FM"]
[WhiteTeam "Malaysia"]
[BlackTeam "Belgium"]
[Board "4"]
[Source "OlimpBase"]
[EventDate "1996.09.15"]
[PlyCount "62"]

1. e4 c5 2. Nf3 e6 3. d4 cxd4 4. Nxd4 Nf6 5. Nc3 Nc6 6. Ndb5 d6 7. Bf4 e5
8. Bg5 a6 9. Na3 b5 10. Bxf6 gxf6 11. Nd5 f5 12. Bd3 Be6 13. Qh5 Rg8 14. g3 Rc8
15. c3 Rg4 16. f3 Rg6 17. f4 fxe4 18. Bxe4 f5 19. Bg2 e4 20. Qd1 Ne7 21. Nxe7
Kxe7 22. Nc2 Bg7 23. Nd4 Qb6 24. Nxe6 Rxe6 25. Qd2 b4 26. cxb4 e3 27. Qe2 Qxb4+
28. Kf1 Qxb2 29. Qxb2 Bxb2 30. Re1 Rc2 31. Bf3 Rf2+ 0-1

[Event "32nd olimpiad"]
[Site "Yerevan"]
[Date "1996.09.26"]
[Round "10"]
[White "Gluckman, David"]
[Black "Claesen, Pieter"]
[Result "0-1"]
[WhiteElo "2370"]
[WhiteTitle "IM"]
[BlackElo "2410"]
[BlackTitle "FM"]
[WhiteTeam "South Africa"]
[BlackTeam "Belgium"]
[Board "1"]
[Source "OlimpBase"]
[EventDate "1996.09.15"]
[PlyCount "70"]

1. Nf3 Nf6 2. c4 c5 3. g3 d5 4. cxd5 Nxd5 5. Bg2 Nc6 6. Nc3 Nc7 7. O-O e5
8. d3 Be7 9. Nd2 Bd7 10. Nc4 f6 11. Nd5 Nxd5 12. Bxd5 Bh3 13. Bxc6+ bxc6
14. Re1 Qd7 15. Qa4 Rb8 16. Na5 Rb5 17. Be3 h5 18. Nb3 h4 19. Qe4 Be6 20. Rec1
hxg3 21. fxg3 Bd5 22. Qg6+ Kd8 23. h4 Rxh4 24. Rc4 Bxc4 25. dxc4 Rxc4 26. Kf2
Kc7 27. Qxg7 Rb8 28. Qf7 Rc2 29. Qg6 f5 30. Ke1 Rd8 31. Qg7 f4 32. Qxe5+ Bd6
33. Qe4 fxe3 34. Qxc2 Bxg3+ 35. Kf1 Qh3+ 0-1

[Event "32nd olimpiad"]
[Site "Yerevan"]
[Date "1996.09.26"]
[Round "10"]
[White "Cekro, Ekrem"]
[Black "Kobese, Watu"]
[Result "0-1"]
[WhiteElo "2410"]
[WhiteTitle "FM"]
[BlackElo "2280"]
[BlackTitle "IM"]
[WhiteTeam "Belgium"]
[BlackTeam "South Africa"]
[Board "2"]
[Source "OlimpBase"]
[EventDate "1996.09.15"]
[PlyCount "78"]

1. c4 f5 2. g3 Nf6 3. Bg2 g6 4. Nf3 Bg7 5. O-O O-O 6. Nc3 d6 7. d4 Qe8 8. d5
c6 9. Nd4 Bd7 10. Rb1 Na6 11. b3 Nc7 12. Bb2 c5 13. Nc2 b5 14. cxb5 Nxb5
15. Nxb5 Bxb5 16. Na3 a5 17. Nxb5 Qxb5 18. a4 Qb4 19. Qc2 Nd7 20. Bc1 Rab8
21. Bd2 Qb6 22. e4 Ne5 23. exf5 Rxf5 24. Qe4 Kf8 25. Kh1 Nd7 26. f4 Bd4 27. g4
Rf7 28. g5 Kg7 29. Bh3 Nf8 30. Bg4 Qa6 31. h4 Rxb3 32. Be2 Rh3+ 33. Kg2 Qc8
34. h5 Ra3 35. Bf3 Rxa4 36. Rfe1 Ra3 37. h6+ Kg8 38. Rb5 Ra2 39. Re2 a4 0-1

[Event "32nd olimpiad"]
[Site "Yerevan"]
[Date "1996.09.27"]
[Round "11"]
[White "Claesen, Pieter"]
[Black "Bologan, Viorel"]
[Result "0-1"]
[WhiteElo "2410"]
[WhiteTitle "FM"]
[BlackElo "2600"]
[BlackTitle "GM"]
[WhiteTeam "Belgium"]
[BlackTeam "Moldova"]
[Board "1"]
[Source "OlimpBase"]
[EventDate "1996.09.15"]
[PlyCount "66"]

1. c4 b6 2. Nf3 Bb7 3. g3 Bxf3 4. exf3 c5 5. d4 cxd4 6. Qxd4 Nc6 7. Qd1 g6
8. Be3 Bg7 9. Qd2 h5 10. Be2 Nh6 11. g4 Qc8 12. Rg1 hxg4 13. fxg4 Ng8 14. Nc3
Ne5 15. Bd4 Rxh2 16. Qe3 d6 17. f4 Nxc4 18. Bxc4 Qxc4 19. Bxg7 f6 20. O-O-O Rc8
21. g5 Qxa2 22. Rd2 Rxd2 23. Qxd2 Qa1+ 24. Kc2 Qxg1 25. Qd5 Kd7 26. Qb7+ Rc7
27. Qa8 Qh2+ 28. Kb1 Qxf4 29. Qxg8 Qxg5 30. Qf7 Rc5 31. Bf8 Re5 32. Qh7 Qg4
33. Qh1 b5 0-1

[Event "32nd olimpiad"]
[Site "Yerevan"]
[Date "1996.09.27"]
[Round "11"]
[White "Rogozenko, Dorian"]
[Black "Dutreeuw, Marc"]
[Result "1-0"]
[WhiteElo "2525"]
[WhiteTitle "GM"]
[BlackElo "2410"]
[BlackTitle "FM"]
[WhiteTeam "Moldova"]
[BlackTeam "Belgium"]
[Board "2"]
[Source "OlimpBase"]
[EventDate "1996.09.15"]
[PlyCount "51"]

1. d4 d5 2. c4 e6 3. Nc3 Be7 4. Nf3 Nf6 5. Bg5 h6 6. Bxf6 Bxf6 7. e3 O-O
8. Rc1 c6 9. Bd3 Nd7 10. O-O dxc4 11. Bxc4 e5 12. h3 exd4 13. exd4 Nb6 14. Bb3
Bf5 15. Re1 Bg5 16. Ra1 Nd7 17. d5 c5 18. d6 Bf6 19. Qd5 Be6 20. Rxe6 fxe6
21. Qxe6+ Kh8 22. Nd5 Bxb2 23. Rb1 Rxf3 24. gxf3 Qg5+ 25. Kh1 Nf8 26. Qf7 1-0

[Event "32nd olimpiad"]
[Site "Yerevan"]
[Date "1996.09.27"]
[Round "11"]
[White "Weemaes, Ronald"]
[Black "Itkis, Boris"]
[Result "1/2-1/2"]
[WhiteElo "2355"]
[WhiteTitle "IM"]
[BlackElo "2470"]
[BlackTitle "IM"]
[WhiteTeam "Belgium"]
[BlackTeam "Moldova"]
[Board "3"]
[Source "OlimpBase"]
[EventDate "1996.09.15"]
[PlyCount "29"]

1. e4 e6 2. d4 d5 3. exd5 exd5 4. Bd3 Nc6 5. c3 Bd6 6. Qf3 Nge7 7. Ne2 Be6
8. Bf4 Ng6 9. Bxd6 Qxd6 10. Qg3 O-O-O 11. Nd2 Nge7 12. O-O Bf5 13. Qxd6 Rxd6
14. Bxf5+ Nxf5 15. Ng3 1/2-1/2

[Event "32nd olimpiad"]
[Site "Yerevan"]
[Date "1996.09.27"]
[Round "11"]
[White "Komliakov, Viktor"]
[Black "Mohandesi, Shahin"]
[Result "1-0"]
[WhiteElo "2450"]
[WhiteTitle "GM"]
[BlackElo "2355"]
[BlackTitle "FM"]
[WhiteTeam "Moldova"]
[BlackTeam "Belgium"]
[Board "4"]
[Source "OlimpBase"]
[EventDate "1996.09.15"]
[PlyCount "81"]

1. e4 c5 2. Nf3 Nc6 3. Bb5 g6 4. Bxc6 dxc6 5. h3 Bg7 6. d3 Nf6 7. Nc3 O-O
8. Be3 b6 9. Qd2 Ne8 10. h4 e5 11. h5 f6 12. hxg6 hxg6 13. O-O-O Bg4 14. Bh6
Kf7 15. Rh2 Rh8 16. Rdh1 Bxf3 17. gxf3 Qd6 18. Ne2 Rd8 19. Bxg7 Rxh2 20. Rxh2
Nxg7 21. Rh7 Qe6 22. Qh6 Rg8 23. b3 Qd7 24. Kd2 Qe6 25. f4 Qg4 26. fxe5 fxe5
27. f4 exf4 28. Nxf4 Qg3 29. a4 Qf2+ 30. Kc1 Qg1+ 31. Kb2 Qd4+ 32. Ka2 Qf6
33. e5 Qxe5 34. Qxg6+ Kf8 35. Nh5 Qc3 36. Qf6+ Qxf6 37. Nxf6 Kf7 38. Nxg8 Kxg8
39. Rh6 Kf7 40. Rxc6 Ne6 41. Rc8 1-0

[Event "32nd olimpiad"]
[Site "Yerevan"]
[Date "1996.09.28"]
[Round "12"]
[White "Ramos, Domingo"]
[Black "Claesen, Pieter"]
[Result "1/2-1/2"]
[WhiteElo "2330"]
[WhiteTitle "IM"]
[BlackElo "2410"]
[BlackTitle "FM"]
[WhiteTeam "Japan"]
[BlackTeam "Belgium"]
[Board "1"]
[Source "OlimpBase"]
[EventDate "1996.09.15"]
[PlyCount "29"]

1. e4 e6 2. Nf3 d5 3. Nc3 Nf6 4. exd5 exd5 5. d4 Bf5 6. Bd3 Bxd3 7. Qxd3 c6
8. O-O Be7 9. Nh4 O-O 10. Nf5 Bd6 11. Bg5 Bc7 12. Rae1 Nbd7 13. Qh3 h5 14. Re3
g6 15. Rf3 1/2-1/2

[Event "32nd olimpiad"]
[Site "Yerevan"]
[Date "1996.09.28"]
[Round "12"]
[White "Cekro, Ekrem"]
[Black "Matsuo, Tomohiko"]
[Result "1-0"]
[WhiteElo "2410"]
[WhiteTitle "FM"]
[BlackElo "2185"]
[WhiteTeam "Belgium"]
[BlackTeam "Japan"]
[Board "2"]
[Source "OlimpBase"]
[EventDate "1996.09.15"]
[PlyCount "79"]

1. c4 Nf6 2. g3 g6 3. Bg2 Bg7 4. Nc3 O-O 5. e3 d6 6. Nge2 e5 7. O-O Nc6 8. h3
Nd7 9. a3 f5 10. f4 Nf6 11. d3 Ne7 12. Qc2 c6 13. Kh2 Be6 14. b3 Qc7 15. Bb2
Rad8 16. Rae1 Nh5 17. Bf3 Nf6 18. Nd1 Bc8 19. Nf2 Kh8 20. Kg2 Ne8 21. h4 Nf6
22. h5 Nxh5 23. Bxh5 gxh5 24. Rh1 Ng8 25. Rxh5 Rf6 26. d4 Rh6 27. Rg5 Bf6
28. dxe5 dxe5 29. Nd3 exf4 30. gxf4 Rg6 31. Rxg6 hxg6 32. Ne5 Kg7 33. Kf3 Ne7
34. Rg1 c5 35. Ng3 Qd6 36. Nh5+ Kg8 37. Nxg6 Bxb2 38. Qxb2 Kf7 39. Nxe7 Kxe7
40. Qg7+ 1-0

[Event "32nd olimpiad"]
[Site "Yerevan"]
[Date "1996.09.28"]
[Round "12"]
[White "Sasaki, Katsumi"]
[Black "Geenen, Marc"]
[Result "0-1"]
[WhiteElo "2175"]
[BlackElo "2330"]
[BlackTitle "FM"]
[WhiteTeam "Japan"]
[BlackTeam "Belgium"]
[Board "3"]
[Source "OlimpBase"]
[EventDate "1996.09.15"]
[PlyCount "84"]

1. e4 e5 2. Nf3 Nc6 3. Bb5 a6 4. Bxc6 dxc6 5. O-O Qd6 6. d4 exd4 7. Nxd4 Bd7
8. Nc3 O-O-O 9. Be3 Nh6 10. f3 Qg6 11. Qe2 Bd6 12. Kh1 Rhe8 13. Rae1 f5 14. Nb3
fxe4 15. Nxe4 Nf5 16. Nxd6+ cxd6 17. Qf2 Nxe3 18. Rxe3 Rxe3 19. Qxe3 Qxc2
20. Qd4 Qe2 21. Rd1 Re8 22. h4 Re6 23. Nc1 Qe5 24. Qf2 Qe3 25. Qf1 Qf4 26. Qf2
Qe3 27. Qf1 c5 28. Nd3 Bb5 29. Kh2 Qe2 30. Qxe2 Rxe2 31. Nf4 Rxb2 32. Rxd6 Rxa2
33. Ne6 Kb8 34. Nxc5 Bf1 35. Rb6 Rxg2+ 36. Kh1 Rc2 37. Nxb7 Bg2+ 38. Kg1 Bxf3
39. Na5+ Ka7 40. Rb3 Bd5 41. Rg3 g6 42. Rd3 Rc5 0-1